1114 1154 1446 1589 1133 1195 1540 1143 1379 1764 1208 1653 1772 1498 1805 1761 1008 1767 1835 1603 1877 1927 1133 1982 1531 1533 1988 1206 1098 1336 1757 1823 1011 1218 1945 1814 1620 1238 1812 1265 1964 1081 1985 1710 1993 1988 1141 1514 1400 2000 1554 1166 1554 1927 1624 1708 1990 1539 1076 1057 1295 1819 1855 1590 1065 1599 1402 1793 1169 1321 1910 1382 1817 1874 1171 1962 1975 1903 1113 1083 1080 1798 1447 1438 1309 1410 1787 1118 1714 1496 1922 1351 1239 1725 1745 1531 1490 1306 1920 BCNSPRNW ULIB Ver.6.0+V

เปลี่ยนเป็นภาษาไทย

Change to English
 แสดงรายละเอียดบรรณานุกรม
  กลับหน้าหลัก

Brief Record : Get Marc (ISO 2709) : E-mail record : QR code < ปิดหน้าต่าง
LEADER : 00000nam 2200000uu 4500
001    13399113293
003     ULIB
008    111005s2550||||th 000 0 tha d
020    9789749749005
050  4 QA76.75^bภ488ค 2550
100 0  ภาษิต เครืองเนียม
245 10 คู่มือโปรแกรม Microsoft Office Excel 2007 ฉบับสมบูรณ์ /^cโดย ภาษิต เครืองเนียม ; บรรณาธิการ, จีราวุธ วารินทร์
246 30 Microsoft Office Excel 2007 ฉบับสมบูรณ์
250    พิมพ์ครั้งที่ 1
260    นนทบุรี :^bไอดีอินโฟ ดิสทริบิวเตอร์ เซ็นเตอร์,^c2550
300    xiv, 326 หน้า :^bภาพประกอบ ;^c23 ซม. +^eซีดี-รอม 1 แผ่น
650  4 เอ็กเซล (โปรแกรมคอมพิวเตอร์)
650  4 เอ็กเซล 2007 (โปรแกรมคอมพิวเตอร์)
700 0  จีราวุธ วารินทร์,^eบรรณาธิการ
945    ^p199^l0^i022893
995    ทศพร
999 ^a ทศพร
รายการนี้ยังไม่มีแท็ก
คุณยังไม่ได้ล็อกอิน คุณสามารถมีกิจกรรมร่วมกับเว็บไซต์ได้ แต่ต้องล็อกอินก่อน ::
  ล็อกอิน

รายการสื่อสารสนเทศ

ลำดับที่ ประเภท เลขเรียก/บาร์โค้ด สถานที่ สถานะ
- ไม่พบข้อมูล -

รายการใกล้เคียง
    ผู้แต่ง [ภาษิต เครืองเนียม]

    หัวเรื่อง [เอ็กเซล (โปรแกรมคอมพิวเตอร์)]
    หัวเรื่อง [เอ็กเซล 2007 (โปรแกรมคอมพิวเตอร์)]

BibComment


ยังไม่เคยถูกคอมเมนท์

คอมเมนท์ทรัพยากรรายการนี้
  คอมเมนท์: คู่มือโปรแกรม Mic..


 Copyright 2026. Bcnsprnw @Library